000 00558nam a22001937a 4500
999 _c195367
_d195367
005 20230323150630.0
010 _aENG-136473
020 _a9789391091248
_c220.00
035 _aEN-120005
037 _bDBAD/PUB
082 _a881
245 _aThe Invisible Jury /
_cEdited By Manminder Singh Anand
250 _aFirst
260 _bThe Poetry Society Of India
_aGurugram
_c2022
270 _aH-22/16, DLF Phase -1
_bHaryana
_e122002
300 _av94p.
_c21cm(pbk)
700 _aAnand, Manminder
_eEditor
942 _2ddc
_cEN
_h881
_mINV